000
00376nam a22001577a 4500
003
MPLRDC
005
20220104143120.0
008
210129b ||||| |||| 00| 0 eng d
082
_a
307.9 YX
100
_a
翁项编译
245
_a
科学新知集锦
_c
260
_a
_b
文化图书公司
_c
1967
300
_b
平
650
_a
通俗科学知识
942
_c
BK
_o
307.9 YX
999
_c
36773
_d
36763